000
00299nam a22001337a 4500
008
170530b xxu||||| |||| 00| 0 eng d
020
_a
9780813339078
041
_a
eng
080
_a
93
100
_a
17
101
_a
SHH
245
_a
THE PERVERSION OF KNOWLEDGE
_c
BIRSTEIN, V.J
942
_2
udc
_c
BK
999
_c
14999
_d
14999